000 00520nam a2200169 4500
999 _c4173
_d4173
008 160826b xxu||||| |||| 00| 0 eng d
022 _a2094-8042
082 _aDPer 370.105 M72 Jan-Dec 2012 v. 60-61
100 _913780
_aUreta, Jay V.
243 _aThe modern teacher
245 _aFacts about EQ and IQ/
_cJay V. Ureta.
260 _aPhilippines:
_bIn the Grade School, Inc.,
_c©2012.
300 _apages 378-380;
_c28 cm.
500 _aThe Modern Teacher
650 0 _918631
_aIntelligence
942 _2ddc
_cPER